The evolution of societies

保存先:
書誌詳細
第一著者: Parsons, Talcott
フォーマット: 図書
言語:Undetermined
出版事項: Englewood Cliff Prentice-Hall 1977
主題:
タグ: タグ追加
タグなし, このレコードへの初めてのタグを付けませんか!
Thư viện lưu trữ: Trung tâm Học liệu Trường Đại học Cần Thơ
LEADER 00549nam a2200181Ia 4500
001 CTU_91576
008 210402s9999 xx 000 0 und d
082 |a 301 
082 |b P467 
100 |a Parsons, Talcott 
245 4 |a The evolution of societies 
245 0 |c Talcott Parsons ; edited and with an introd. by Jackson Toby 
260 |a Englewood Cliff 
260 |b Prentice-Hall 
260 |c 1977 
650 |a Social evolution,Social history,Social systems 
904 |i Bằng 
980 |a Trung tâm Học liệu Trường Đại học Cần Thơ